000 01107cam a2200313 i 4500
001 768714001
003 CO-MdFUSB
005 20241204100735.0
007 ta
008 241204t2000 -ck||||| |||| 00| 0 spa d
020 _a950-683-088-6
040 _cCO-MdFUSB
041 _aspa
082 0 4 _223
_a236.24
_bA872t
100 1 _aAtiencia, Jorge
_eautor
245 1 0 _aNo tengan miedo Jesucristo tiene la última palabra :
_breflexiones a partir del Apocalipsis
_c/ Jorge Atiencia , Ziel Machado
264 1 _bCerteza Unida,
_aBuenos Aires, Argentina :
_c[2000]
264 4 _c©2000
300 _a132 páginas
336 _atexto
_btxt
_2rdacontent
337 _2rdamedia
_asin mediación
_bn
338 _2rdacarrier
_avolumen
_bnc
505 _aPresentación: tenemos esperanza -- La revelación de Jesucristo -- Una iglesia sana -- El soplo del Espíritu -- La iglesia y la historia -- Cristo y el anticristo -- Babilonia, la ramera -- Cielo nuevo y tierra nueva
563 _arústico
653 _aEscatología
700 _aMachado, Ziel
_911173
_eautor
942 _cBK
945 _aMiguel
999 _c32967
_d32967